[Event "Titled Tuesday intern op 30th Apr Early"]
[Site "Chess.com INT"]
[Date "2024.04.30"]
[Round "2"]
[White "De Boer, Eelke"]
[Black "Lifanov, Mikhail"]
[Result "1-0"]
[WhiteElo "2399"]
[BlackElo "2141"]
[PlyCount "75"]
[EventDate "2024.04.30"]
[EventType "swiss (blitz)"]
[EventRounds "11"]
[EventCountry "USA"]
[SourceTitle "CBM 220 Extra"]
[Source "ChessBase"]
[SourceDate "2024.07.31"]
[SourceVersion "1"]
[SourceVersionDate "2024.07.31"]
[SourceQuality "1"]

1. e4 c5 2. Nf3 e6 3. d4 cxd4 4. Nxd4 a6 5. Bd3 Qc7 6. Qe2 d6 7. c4 Nf6 8. Nc3 Be7 9. 0-0 0-0 10. Be3 Nbd7 11. Rac1 b6 12. b4 Bb7 13. f4 Rac8 14. Nb3 Qb8 15. Nd2 e5 16. f5 d5 17. Nxd5 Nxd5 18. exd5 Bxb4 19. f6 g6 20. Ne4 Nc5 21. Rf3 Nxe4 22. Bxe4 Qd6 23. Rcf1 Bc5 24. Rh3 Bxe3+ 25. Qxe3 Qc5 26. Bd3 Rfe8 27. Re1 b5 28. cxb5 axb5 29. d6 e4 30. Bxb5 Qxe3+ 31. Rhxe3 Re5 32. d7 Rd8 33. a4 Re6 34. Rf1 Bc6 35. Bxc6 Rxc6 36. Rxe4 Rd6 37. Re8+ Rxe8 38. dxe8Q# 1-0

[Event "Moscow Region Spring-A"]
[Site "Serpukhov"]
[Date "2011.05.05"]
[Round "9"]
[White "Lifanov, Mikhail"]
[Black "Gabdrakipov, Ilshat"]
[Result "0-1"]
[WhiteElo "2200"]
[BlackElo "2170"]
[PlyCount "104"]
[EventDate "2011.04.30"]
[EventType "tourn"]
[EventRounds "9"]
[EventCountry "RUS"]
[SourceTitle "EXT 2022"]
[Source "ChessBase"]
[SourceDate "2021.10.06"]
[SourceVersion "1"]
[SourceVersionDate "2021.10.06"]
[SourceQuality "1"]

1. c4 c6 2. e4 d6 3. d4 Nf6 4. Nc3 Nbd7 5. Nf3 e5 6. Be2 Be7 7. 0-0 0-0 8. Re1 Qc7 9. Bf1 Re8 10. h3 Nf8 11. Be3 Bd7 12. g3 h6 13. Rc1 N6h7 14. Qd2 Ne6 15. Rcd1 Rad8 16. Kh2 Nhg5 17. Nxg5 Nxg5 18. Bg2 Bxh3 19. f4 Bxg2 20. Kxg2 exd4 21. Bxd4 Ne6 22. Re2 Nxd4 23. Qxd4 a6 24. Qd3 Bf6 25. Rc1 Qa5 26. a3 Qc5 27. b4 Qd4 28. Qxd4 Bxd4 29. Kf3 Re6 30. g4 Rde8 31. Nb1 d5 32. cxd5 cxd5 33. e5 f6 34. Rd1 fxe5 35. fxe5 Rf8+ 36. Kg2 Rf4 37. Kh3 b5 38. Rd3 Rxe5 39. Rxe5 Bxe5 40. Rxd5 Re4 41. g5 hxg5 42. Nd2 Rd4 43. Rxe5 Rxd2 44. Re3 Kf7 45. Kg4 Kf6 46. Rc3 Rd4+ 47. Kf3 Ke5 48. Ke2 Rc4 49. Rd3 Rc2+ 50. Kf3 Rc4 51. Ke3 g4 52. Kf2 Rf4+ 0-1

[Event "Moscow Region Spring-A"]
[Site "Serpukhov"]
[Date "2011.05.02"]
[Round "4"]
[White "Toivonen, Alexander"]
[Black "Lifanov, Mikhail"]
[Result "1/2-1/2"]
[WhiteElo "2315"]
[BlackElo "2200"]
[PlyCount "94"]
[EventDate "2011.04.30"]
[EventType "tourn"]
[EventRounds "9"]
[EventCountry "RUS"]
[SourceTitle "EXT 2022"]
[Source "ChessBase"]
[SourceDate "2021.10.06"]
[SourceVersion "1"]
[SourceVersionDate "2021.10.06"]
[SourceQuality "1"]

1. d4 Nf6 2. c4 g6 3. Nc3 Bg7 4. e4 d6 5. f4 c5 6. d5 0-0 7. Nf3 b5 8. e5 dxe5 9. fxe5 Ng4 10. Nxb5 Nxe5 11. Be2 a6 12. Nc3 Nbd7 13. 0-0 Rb8 14. Nxe5 Bxe5 15. Qc2 Qc7 16. h3 Bd4+ 17. Kh1 e5 18. dxe6 fxe6 19. Bh6 Bg7 20. Bxg7 Kxg7 21. Rxf8 Nxf8 22. Rf1 Bb7 23. Bf3 Bxf3 24. Rxf3 Qe7 25. Ne4 Nd7 26. Qc3+ e5 27. Qd2 Rf8 28. Rxf8 Kxf8 29. Qd5 Kg7 30. g3 Nf6 31. Qd6 Qxd6 32. Nxd6 Kf8 33. Kg2 Ke7 34. Nb7 Nd7 35. Kf3 Ke6 36. g4 g5 37. b3 Kf6 38. a3 Ke6 39. Ke3 Ke7 40. b4 cxb4 41. axb4 Nb6 42. Na5 Nd7 43. b5 axb5 44. cxb5 Nb6 45. Ke4 Ke6 46. Nc6 Nd7 47. Nd8+ Ke7 1/2-1/2

[Event "Zhukovsky op"]
[Site "Zhukovsky"]
[Date "2011.02.23"]
[Round "7"]
[White "Lifanov, Mikhail"]
[Black "Buchkov, Nikolay"]
[Result "1-0"]
[WhiteElo "2200"]
[BlackElo "1906"]
[PlyCount "53"]
[EventDate "2011.02.17"]
[EventType "swiss"]
[EventRounds "9"]
[EventCountry "RUS"]
[SourceTitle "CBM 141 Extra"]
[Source "ChessBase"]
[SourceDate "2011.05.03"]
[SourceVersion "1"]
[SourceVersionDate "2011.05.03"]
[SourceQuality "1"]

1. c4 e6 2. Nc3 f5 3. g3 Nf6 4. Bg2 c6 5. d3 d5 6. Nf3 Bb4 7. 0-0 Bxc3 8. bxc3 dxc4 9. Ba3 h6 10. Ne5 Nbd7 11. Nxc4 Kf7 12. e4 g5 13. e5 Nd5 14. Nd6+ Kg6 15. c4 Nc7 16. d4 Ne8 17. Qd3 Nxd6 18. Bxd6 h5 19. f3 b6 20. g4 Bb7 21. Bh3 Kg7 22. gxf5 Nf8 23. Rf2 c5 24. d5 b5 25. dxe6 Nxe6 26. fxe6 bxc4 27. Qf5 1-0

[Event "Zhukovsky op"]
[Site "Zhukovsky"]
[Date "2011.02.22"]
[Round "6"]
[White "Smirnov, Yury Vladimirovic"]
[Black "Lifanov, Mikhail"]
[Result "1-0"]
[WhiteElo "2189"]
[BlackElo "2200"]
[PlyCount "81"]
[EventDate "2011.02.17"]
[EventType "swiss"]
[EventRounds "9"]
[EventCountry "RUS"]
[SourceTitle "CBM 141 Extra"]
[Source "ChessBase"]
[SourceDate "2011.05.03"]
[SourceVersion "1"]
[SourceVersionDate "2011.05.03"]
[SourceQuality "1"]

1. e4 c5 2. c3 d6 3. d4 Nf6 4. dxc5 Nc6 5. Bb5 Nxe4 6. cxd6 Qb6 7. Qe2 Nxd6 8. Bd3 Bf5 9. Bxf5 Nxf5 10. Nf3 g6 11. 0-0 Bg7 12. Na3 0-0 13. Nc4 Qc7 14. Ne3 Nxe3 15. Bxe3 e5 16. Qc4 h6 17. Rfd1 Rfd8 18. Rxd8+ Qxd8 19. Qb3 Qe7 20. Rd1 Rd8 21. g3 e4 22. Nd4 Ne5 23. Ne2 b6 24. Rxd8+ Qxd8 25. Nf4 Kh7 26. Kg2 Qe7 27. h3 Nf3 28. Qd5 Bf6 29. a4 Bg5 30. h4 Bxf4 31. Bxf4 Ne1+ 32. Kf1 Nd3 33. Be3 Nxb2 34. a5 bxa5 35. Qxa5 Qe6 36. Bd4 e3 37. Bxe3 a6 38. Bd4 Qe4 39. Kg1 Qe6 40. Qd8 f6 41. Bxf6 1-0